000 01057nam a22003257a 4500
001 BR0602483
003 BR-BrBNA
005 20230928102148.0
007 ta
008 230509b bl.||||| |||| 00| 0 por d
040 _aBR-BrBNA
_bpor
_cBiblioteca Nacional de Agricultura
041 _a(Por)
072 _aQ54
_b1930
_b8952
090 _ 1930 BR0602483
100 1 _aSilva Júnior, F.V. da
110 1 _aUniversidade Federal de Minas Gerais, Belo Horizonte (Brasil). Escola de Veterinária
_0Tese (Mestre em Zootecnia)
245 1 _aQualidade das silagens de capim Mombaça (Panicum maximum, cv. Mombaça)com aditivos em cinco épocas de corte
260 3 _aBelo Horizonte, MG (Brasil):
_c2004.
300 _a61 p.
500 _aSummaries (Eng, Por); Bibliography p. 45-52; 20 tables
650 _aSILAGEM
650 _aQUALIDADE
650 _aMICROBIOLOGIA
650 _aCAPIM COLONIÃO
650 _aDIGESTIBILIDADE
650 _aVALOR NUTRITIVO
650 _aÉPOCA DE CORTE
909 _a202309
_bLucia
_c55
_dLucia Elande
942 _cBK
999 _c69439
_d69439